000 00562nam a22001817a 4500
999 _c3920
_d3877
008 191009b aa||| |||| 00| p eng d
020 _a9754583447
041 _atur
050 _aPL234.E97
100 _91743
_aEyuboğlu, Bedri Rahmi
245 _a Şiirler ve Resimler (1940-1948)
_cYayına Hazırlayan : Mürşit Balabanlılar
250 _a1.Basım
260 _aİstanbul:
_bTürkiye İş Bankası Kültür Yayınları
_cEkim 2002
300 _a72 Sayfa
650 0 _9145
_aTürk Edebiyatı
700 _91642
_aBalabanlılar, Mürşit
942 _2lcc
_cBK